00370 a2200145 450000100060000002000150000604000370002110000160005824000450007424500400011930000070015936200090016644000180017565000310019372130 a8506016525 cAnchieta - Colégio São Paulo aRocha, Ruth10aO livro dos gestos e dos símboloslpor10aO livro dos gestos e dos símbolos a310 a1999 1aMelhoramentos 4aLiteratura infanto-juvenil